|
|
|
|
| LEADER |
010640000a22002890004500 |
| 082 |
|
|
|a 668. 374 P61
|
| 100 |
|
|
|a Bejoy Francis; Researcher
|
| 100 |
|
|
|a Lakshmana Rao, V; Guide
|
| 100 |
|
|
|a Ramaswamy, R; Guide
|
| 100 |
|
|
|a Sabu Thomas; Guide
|
| 245 |
|
|
|a Studies on epoxy resin systems modified with ether ketone/ether sulfone containing polymers
|
| 250 |
|
|
|a Ph.D
|
| 260 |
|
|
|a Kottayam, Mahatma Gandhi University
|
| 260 |
|
|
|c 2006
|
| 460 |
|
|
|a ix, 288p
|
| 500 |
|
|
|a Awarded on 05-04-2006
|
| 500 |
|
|
|a Bejoy Francis; Guided by Dr V Lakshmana Rao, Dr R Ramaswamy and Dr Sabu Thomas
|
| 500 |
|
|
|a Includes bibliographical references
|
| 500 |
|
|
|a School of Chemical Sciences, Mahatma Gandhi University Kottayam
|e IN
|
| 650 |
|
|
|a Dissertations, Academic (Ph.D)
|
| 650 |
|
|
|a Epoxy resins
|
| 650 |
|
|
|a Ether
|
| 650 |
|
|
|a Modification
|
| 650 |
|
|
|a Thesis (Ph.D)-Chemistry
|
| 942 |
|
|
|c BK
|
| 999 |
|
|
|c 37083
|d 37083
|
| 952 |
|
|
|0 0
|1 0
|4 0
|6 668__374000000000000_P61
|7 0
|8 THES
|9 37549
|a MGUL
|b MGUL
|d 2013-07-16
|l 0
|o 668. 374 P61
|p T01268
|r 2013-07-16
|w 2013-07-16
|y THES
|